000
00270nam a2200109Ia 4500
001
1276074
005
20260417160440.0
008
260417s9999 xx 000 0 und d
020
_a
9786256792951
245
0
_a
Minik Kızıl Gezgin
_c
Margi Preus
260
_b
Ketebe Genç
999
_c
1276074
_d
1276074